000
00434nam a2200145Ia 4500
008
100204s9999 xx 000 0 und d
082
_b
8948
100
_a
टागोर रविंद्र्रनाथ
245
_a
विभा
260
_b
"युवराज ग्रंथ वितरक, सोलापूर 1"
_c
1986
300
_a
147
630
_a
विभा
730
_a
विभा
942
_c
BOOK
999
_c
453384
_d
453381